भौगोलिक विचारधाराएँ एवं विधि - तंत्र / (Record no. 121835)

MARC details
000 -LEADER
fixed length control field 01275nam a22002657a 4500
005 - DATE AND TIME OF LATEST TRANSACTION
control field 20170124103221.0
010 ## - LIBRARY OF CONGRESS CONTROL NUMBER
LC control number B-142406
020 ## - INTERNATIONAL STANDARD BOOK NUMBER
Terms of availability 00.00
International Standard Book Number 817906087
035 ## - SYSTEM CONTROL NUMBER
System control number B-142406
037 ## - SOURCE OF ACQUISITION
Source of stock number/acquisition Cen Lib/Ret
040 ## - CATALOGING SOURCE
Original cataloging agency DPL
Language of cataloging HN
082 ## - DEWEY DECIMAL CLASSIFICATION NUMBER
Classification number 910.01
Item number मारूर
100 ## - MAIN ENTRY--PERSONAL NAME
Personal name मारूर, रतन लाल
9 (RLIN) 49978
245 ## - TITLE STATEMENT
Title भौगोलिक विचारधाराएँ एवं विधि - तंत्र /
Statement of responsibility, etc रतन लाल मारूर [एवं] राजकुमार शर्मा
246 ## - VARYING FORM OF TITLE
Title proper/short title Bhaugolik vichardhren evam vidhi tantr /
Remainder of title by Ratan Lal Maroor [evam] Rajkumar Sharma
260 ## - PUBLICATION, DISTRIBUTION, ETC. (IMPRINT)
Place of publication, distribution, etc नयी दिल्ली
Name of publisher, distributor, etc हिमाशु पब्लिकेशन
Date of publication, distribution, etc 2005
270 ## - ADDRESS
Address 4379/4-B, प्रकाश हाउस, अंसारी रोड, दरियागंज
City नयी दिल्ली
Postal code 110002
300 ## - PHYSICAL DESCRIPTION
Extent 391पृ.
Dimensions 22सेमी(सजिल्द)
650 ## - SUBJECT ADDED ENTRY--TOPICAL TERM
Topical term or geographic name as entry element भूगोल
9 (RLIN) 110629
650 ## - SUBJECT ADDED ENTRY--TOPICAL TERM
Topical term or geographic name as entry element भूगोल -- प्रकृति
9 (RLIN) 110630
650 ## - SUBJECT ADDED ENTRY--TOPICAL TERM
Topical term or geographic name as entry element Geography
9 (RLIN) 110631
650 ## - SUBJECT ADDED ENTRY--TOPICAL TERM
Topical term or geographic name as entry element Geography - Nature
9 (RLIN) 101272
700 ## - ADDED ENTRY--PERSONAL NAME
Personal name शर्मा, राजकुमार
9 (RLIN) 110632
942 ## - ADDED ENTRY ELEMENTS (KOHA)
Source of classification or shelving scheme Dewey Decimal Classification
Koha item type Hindi Books
Classification part 910.01
Call number suffix मारूर
Holdings
Withdrawn status Lost status Damaged status Not for loan Home library Current library Date acquired Source of acquisition Cost, normal purchase price Total Checkouts Total Renewals Full call number Barcode Date last seen Date checked out Copy number Cost, replacement price Price effective from Koha item type
        Central Library Central Library 13/10/2015 Cen Lib/Ret 0.00 6 2 910.01 मारूर B-142406 02/05/2022 25/03/2022 1 0.00 13/10/2015 Hindi Books

© Delhi Public Library
Hit Counter
free hit counter